Математическое моделирование промышленной установки каталитической депарафинизации дизельных топлив; Молодежь и современные информационные технологии; Т. 1

Manylion Llyfryddiaeth
Parent link:Молодежь и современные информационные технологии: сборник трудов XIV Международной научно-практической конференции студентов, аспирантов и молодых ученых, г. Томск, 7-11 ноября 2016 г./ Национальный исследовательский Томский политехнический университет (ТПУ), Институт кибернетики (ИК) ; под ред. В. С. Аврамчук [и др.].— , 2016
Т. 1.— 2016.— [С. 181-182]
Awdur Corfforaethol: Национальный исследовательский Томский политехнический университет (ТПУ) Институт природных ресурсов (ИПР) Кафедра химической технологии топлива и химической кибернетики (ХТТ)
Awduron Eraill: Попова Н. В., Белинская Н. С. Наталия Сергеевна, Францина Е. В. Евгения Владимировна, Афанасьева Д. А.
Crynodeb:Заглавие с титульного экрана
Iaith:Rwseg
Cyhoeddwyd: 2016
Cyfres:Математическое моделирование и компьютерный анализ данных
Pynciau:
Mynediad Ar-lein:http://earchive.tpu.ru/handle/11683/36990
Fformat: Electronig Pennod Llyfr
KOHA link:https://koha.lib.tpu.ru/cgi-bin/koha/opac-detail.pl?biblionumber=622142

MARC

LEADER 00000naa2a2200000 4500
001 622142
005 20260410071620.0
035 |a (RuTPU)RU\TPU\conf\20794 
035 |a RU\TPU\conf\20793 
090 |a 622142 
100 |a 20170207d2016 k y0rusy50 ca 
101 0 |a rus 
102 |a RU 
105 |a y z 101zy 
135 |a drcn ---uucaa 
181 0 |a i  
182 0 |a b 
200 1 |a Математическое моделирование промышленной установки каталитической депарафинизации дизельных топлив  |f Н. В. Попова [и др.] 
203 |a Текст  |c электронный 
225 1 |a Математическое моделирование и компьютерный анализ данных 
300 |a Заглавие с титульного экрана 
320 |a [Библиогр.: с. 182 (4 назв.)] 
461 1 |0 (RuTPU)RU\TPU\conf\20573  |t Молодежь и современные информационные технологии  |o сборник трудов XIV Международной научно-практической конференции студентов, аспирантов и молодых ученых, г. Томск, 7-11 ноября 2016 г.  |o в 2 т.  |f Национальный исследовательский Томский политехнический университет (ТПУ), Институт кибернетики (ИК) ; под ред. В. С. Аврамчук [и др.]  |d 2016 
463 0 |0 (RuTPU)RU\TPU\conf\20574  |t Т. 1  |v [С. 181-182]  |d 2016 
610 1 |a труды учёных ТПУ 
610 1 |a электронный ресурс 
610 1 |a математическое моделирование 
610 1 |a промышленные установки 
610 1 |a каталитическая депарафинизация 
610 1 |a дизельные топлива 
610 1 |a гидродепарафинизация 
610 1 |a нестационарность 
610 1 |a каталитические системы 
701 1 |a Попова  |b Н. В. 
701 1 |a Белинская  |b Н. С.  |c химик  |c доцент Томского политехнического университета, кандидат технических наук  |f 1989-  |g Наталия Сергеевна  |y Томск  |3 (RuTPU)RU\TPU\pers\30822  |9 15069 
701 1 |a Францина  |b Е. В.  |c химик-технолог  |c доцент Томского политехнического университета, кандидат технических наук  |f 1985-  |g Евгения Владимировна  |3 (RuTPU)RU\TPU\pers\25034  |9 11167 
701 1 |a Афанасьева  |b Д. А. 
712 0 2 |a Национальный исследовательский Томский политехнический университет (ТПУ)  |b Институт природных ресурсов (ИПР)  |b Кафедра химической технологии топлива и химической кибернетики (ХТТ)  |3 (RuTPU)RU\TPU\col\18665 
801 2 |a RU  |b 63413507  |c 20170210  |g RCR 
856 4 |u http://earchive.tpu.ru/handle/11683/36990 
942 |c BK